[Event "Ch Europe"]
[Site "masterchessopen.com Dresden (Germany)"]
[Date "2007.04.07"]
[Round "5"]
[White "Kotanjian Tigran (ARM)"]
[Black "Sutovsky Emil (ISR)"]
[Result "0-1"]
[WhiteElo "2534"]
[BlackElo "2656"]

{ Kotanjian Tigran (ARM) +1 =1 -0 } 1.d4 Nf6 2.c4 e6 3.Nc3 Bb4 4.Qc2 d5 5.cxd5
exd5 6.Bg5 h6 7.Bh4 g5 8.Bg3 { ? } 8...Ne4 ( 8...c5 9.dxc5 Nc6 10.e3 Ne4
11.Nf3 Qa5 12.Nd2 Nxc3 13.bxc3 Bxc3 14.Rb1 Qxc5 15.Rb5 Qa3 16.Rb3 Bxd2+
17.Qxd2 Qa5 18.Qxa5 Nxa5 19.Rb5 Nc6 20.h4 g4 21.Bd6 a6 22.Rxd5 Be6 23.Rd2
O-O-O 24.Be2 h5 25.O-O Rd7 26.Rc1 Bxa2 27.Bxa6 bxa6 28.Rxc6+ { ...1-0,
Sherbakov Ruslan 2510 - Lyrberg Patrik 2405 , Jyvaskyla 1994 It "Heart of
Finland" } ) 9.e3 h5 ( 9...Be6 10.Bd3 Nxg3 11.hxg3 Nd7 12.Ne2 c6 13.O-O-O Qe7
14.e4 dxe4 15.Bxe4 Nf6 16.d5 cxd5 17.Bxd5 Bxc3 18.Nxc3 Nxd5 19.Nxd5 Bxd5
20.Rxd5 O-O 21.Kb1 Rad8 22.Rc5 Rd6 23.Rc1 Rfd8 24.Rc8 { 1/2-1/2, Beliavsky
Alexander G 2650 - Sokolov Andrei 2585 , Tivat 1995 Ch Yugoslavia (team) } )
10.Bd3 ( 10.f3 Nxg3 11.hxg3 Qd6 12.g4 h4 13.a3 Bxc3+ 14.bxc3 Be6 15.Nh3 Qe7
16.Kf2 Nd7 17.c4 Nf6 18.cxd5 Bxd5 19.Bd3 O-O-O 20.Rhe1 Be6 21.Qb2 Qd6 22.Kg1
Rhg8 23.a4 Nd5 24.Rab1 b6 25.a5 Kb8 26.Qd2 Bc8 27.Ra1 f5 28.axb6 cxb6 29.gxf5
g4 { ...1-0, Sakaev Konstantin 2649 - Orlov V, Simferopol 1990 Ch URS
(juniors) } ) ( 10.Bb5+ Bd7 11.Bxd7+ Nxd7 12.f3 Bxc3+ 13.bxc3 Nxg3 14.hxg3 Qe7
15.Kf2 O-O-O 16.Re1 Rh6 17.Qf5 c6 18.Nh3 Rg8 19.Re2 g4 20.Nf4 h4 21.gxh4 Rxh4
22.Ree1 Rgh8 23.Rhg1 gxf3 24.Kxf3 Re8 25.g3 Rh2 26.Rg2 Rxg2 27.Kxg2 Kb8 28.Nh5
a6 29.Rf1 Ka7 { ...0-1, Kobalia Mikhail 2654 - Najer Evgeniy 2653 , Sochi 29.
4.2006 Ch Russia (club) } ) 10...h4 11.Be5 f6 12.Bxe4 dxe4 13.d5 ( 13.Qa4+ Nc6
14.d5 Bxc3+ 15.Bxc3 Qxd5 16.Bxf6 O-O 17.Bc3 b5 18.Qb3 Qxb3 19.axb3 b4 20.Bd4
Nxd4 21.exd4 Be6 22.Ra5 Rf5 23.Rxf5 Bxf5 24.Kd2 Be6 25.Ne2 Bxb3 26.Rc1 a5
27.Rxc7 a4 28.Nc1 Be6 29.Rc5 g4 30.Ke3 b3 31.d5 Bd7 32.Rc7 Be8 { ...0-1,
Chigladze Iveri 2193 - Gvetadze Sopio 2301 , Tbilisi 25. 4.2002 Ch Georgia (1
Liga) } ) 13...Na6 { +0.00 CAP N } ( 13...Qe7 14.a3 Ba5 ( 14...Qxe5 15.axb4
Na6 16.O-O-O Bf5 17.Rd4 O-O-O 18.Nge2 Kb8 19.Rc4 Qd6 20.Nd4 Bg6 21.Qa4 Bf7
22.Rc6 Qxb4 23.Rxa6 Qxa4 24.Rxa4 Bxd5 25.Ra5 c6 26.Nxd5 Rxd5 27.Rxd5 cxd5
28.Kd2 a6 29.Rc1 Rd8 30.Rc5 Rd6 31.Kc3 Ka7 32.Nf5 Rd7 33.Kd4 { ...1-0,
Kotanjian Tigran 2471 - Yegiazarian Arsen 2531 , Yerevan 21. 3.2006 Ch Armenia
} ) 15.Qa4+ Nd7 16.Qxa5 Nxe5 17.Qa4+ Kf7 18.Qxe4 h3 19.g3 Bg4 20.f4 gxf4
21.gxf4 Nf3+ 22.Kf2 Qxe4 23.Nxe4 Nh4 24.Rc1 Rac8 25.Rc4 Rhg8 26.Ng3 c6 27.dxc6
Be6 28.Rc3 Bd5 29.e4 Bxc6 30.Nxh3 Rcd8 31.Re1 Rh8 32.f5 Rd2+ 33.Re2 { ...1-0,
Bareev Evgeny 2715 - Vallejo Pons Francisco 2678 , Monaco 20. 3.2004 It
"Melody Amber" (active) } ) ( 13...Kf7 14.Qxe4 Qe7 15.Qc4 Na6 16.Bd4 c5
17.dxc6+ Be6 18.Qe2 Rad8 19.Nf3 g4 20.Nd2 bxc6 21.Nde4 Rh6 22.Qxa6 Rxd4
23.exd4 Bxc3+ 24.bxc3 Bf5 25.f3 gxf3 26.gxf3 Bxe4 27.Qe2 Bxf3 28.Qxe7+ Kxe7
29.Rg1 Rh7 30.c4 Be4 31.Kd2 f5 32.Rg6 h3 33.Rag1 { ...1-0, Seirawan Yasser
2635 - Al Hadhrani I, Novi Sad 1990 Olympiad } ) 14.a3 Bxc3+ 15.Bxc3 Qxd5
16.Bxf6 O-O 17.Rd1 Qf5 18.Be7 Re8 19.Bb4 c5 20.Bc3 Be6 21.Nh3 Nc7 22.O-O Nd5
23.f4 { ? } ( { ? } 23.Bd2 Rf8 24.Bc1 Nb6 25.f4 exf3 26.e4 { } ) 23...Nxe3
24.Qe2 Nxd1 25.Qxd1 g4 26.Ng5 e3 { ?! } ( 26...Bc4 { !? } 27.Qd6 Rad8 28.Qh6
Rd4 29.b4 e3 30.bxc5 Red8 31.Re1 h3 32.Rxe3 Rd1+ 33.Be1 { } ) 27.Qe1 g3 28.Qe2
Qg4 29.Qd3 Qf5 30.Qe2 Qg4 31.Rf3 { ?! } ( 31.Qd3 { !? } 31...Qf5 32.Qe2 gxh2+
33.Kxh2 Bf7 34.g4 Qg6 35.Kh3 { } ) 31...Rad8 32.hxg3 hxg3 33.Ne4 Kf8 34.Nf6
Qh4 35.Rxg3 Qxg3 36.Qh5 Qf2+ 37.Kh1 Qf1+ 38.Kh2 Qxf4+ 39.Kh1 Qf1+ 40.Kh2 Qf4+
41.Kh1 { } {#R} 0-1

[Event "Ch France (juniors) (under 18)"]
[Site "masterchessopen.com Le Grand Bornand (France)"]
[Date "2007.04.13"]
[Round "7"]
[White "Vernay Clovis (FRA)"]
[Black "Monsieux Cyril (FRA)"]
[Result "1-0"]
[WhiteElo "2396"]
[BlackElo "2342"]

1.d4 Nf6 2.c4 e6 3.Nc3 Bb4 4.Qc2 d5 5.cxd5 exd5 6.Bg5 c5 7.dxc5 h6 8.Bxf6 Qxf6
9.e3 Bf5 10.Bd3 Bxc3+ 11.bxc3 Qg6 12.Bxf5 Qxg2 13.O-O-O Qxh1 14.f3 Nc6 15.Qf2
Ne5 16.Qg3 O-O 17.Bh3 h5 18.Qxe5 Rae8 19.Qf4 f6 20.Ne2 g5 21.Qg3 {#r} 1-0

[Event "Ch Russia (club)"]
[Site "masterchessopen.com Sochi (Russia)"]
[Date "2007.05.06"]
[Round "5"]
[White "Korchnoi Viktor (SUI)"]
[Black "Iljin Artem (RUS)"]
[Result "1-0"]
[WhiteElo "2611"]
[BlackElo "2565"]

{ Korchnoi Viktor (SUI) +0 =2 -0 } 1.d4 Nf6 2.c4 e6 3.Nc3 Bb4 4.Qc2 d5 5.cxd5
exd5 6.Bg5 c5 7.a3 { ? } ( 7.dxc5 h6 8.Bh4 Nc6 9.e3 g5 10.Bg3 Ne4 11.Nf3 (
11.a3 Bxc3+ 12.bxc3 Qa5 13.Bd3 Nxg3 14.hxg3 d4 15.exd4 Nxd4 16.Qb2 Bd7 17.Kf1
Ne6 18.Qxb7 Qxc3 19.Rd1 Rd8 20.Ne2 Qxa3 21.c6 Bc8 22.Qb1 Ke7 23.g4 Rd6 24.Rh3
Rhd8 25.Re3 Kf8 26.Kg1 Rxc6 { ...1-0, Sokolov Ivan 2663 - Short Nigel D 2687 ,
Hoogeveen 17.10.2004 It (cat.15) } ) 11...Qa5 12.Nd2 Bxc3 13.bxc3 Qxc3 14.Qxc3
Nxc3 15.f3 Bf5 16.Kf2 O-O 17.h4 Rfe8 18.hxg5 hxg5 19.Nb3 Kg7 20.Kg1 Rxe3
21.Bf2 Ne2+ 22.Bxe2 Rxe2 23.Nd4 Nxd4 24.Bxd4+ Kg6 25.g4 Bd3 26.Rh2 Rae8 {
...1/2-1/2, Korchnoi Viktor 2630 - Portisch Lajos 2590 , Amsterdam 1990 It
"OHRA" (cat.14) } ) 7...Bxc3+ 8.bxc3 { =/? } ( 8.Qxc3 cxd4 9.Qxd4 Nc6 10.Qf4
d4 11.Bxf6 gxf6 12.Nf3 Qa5+ 13.Qd2 Qxd2+ 14.Kxd2 Bf5 15.b4 O-O-O 16.Rc1 Kb8
17.g3 a5 18.Bg2 Be4 19.Nh4 Bxg2 20.Nxg2 axb4 21.axb4 Nxb4 22.Rc4 Nc6 23.Rb1
Ne5 24.Rcb4 Rd7 25.Nf4 Rc8 26.Ra4 Nc4+ { 1/2-1/2, Van Wely Loek 2681 - Topalov
Veselin 2757 , Wijk aan Zee 2004 It (cat.19) } ) 8...h6 9.Bxf6 ( 9.Bd2 O-O
10.e3 Ne4 11.Nf3 Bf5 12.Qb2 Nd7 13.Be2 Qc7 14.O-O Rfe8 15.c4 dxc4 16.Bxc4 Bg4
17.Rfc1 Bxf3 18.gxf3 Nxd2 19.Qxd2 Qd6 20.d5 Rad8 21.Be2 Nf6 22.Qa5 b6 23.Qxa7
Nxd5 24.Qa6 Qe5 25.Bf1 Rd6 26.Kh1 Rg6 27.Qd3 Qh5 28.Bg2 Ree6 { ...0-1, James
David 2245 - Ward Christopher 2505 , England 1998 Ch England (team) 1997/98 }
) 9...Qxf6 10.e3 ( 10.Nf3 O-O 11.e3 Nc6 12.Be2 Be6 13.O-O Rac8 14.Qb2 Rc7
15.Rac1 Rfc8 16.Bd3 h5 17.Nd2 h4 18.h3 Bf5 19.Bxf5 Qxf5 20.Nf3 Qf6 21.Rfd1 Na5
22.Qa2 Nc4 23.dxc5 Rxc5 24.Rd4 Ne5 25.Nxe5 Qxe5 26.Rcd1 Rxc3 27.Rxd5 Qf6
28.Qb2 R8c7 29.a4 g6 { ...0-1, Irzhanov Ruslan 2494 - Yemelin Vasily 2523 ,
Leningrad 1990 Ch URS (juniors) (qual) } ) 10...O-O { -0.33 CAP } 11.Bd3 { N }
( 11.Nf3 Nc6 ( 11...c4 12.Be2 Bf5 13.Qb2 Qb6 14.Qxb6 axb6 15.Nd2 Re8 16.O-O
Ra5 17.Rfe1 Nd7 18.e4 Bxe4 19.Bxc4 Rc8 20.Bf1 Bf5 21.c4 Ra4 22.Rec1 Be6
23.cxd5 Rxc1 24.Rxc1 Bxd5 25.Bc4 Nf6 26.Bxd5 Nxd5 27.Nc4 b5 28.Nd6 Rxa3
29.Rc8+ Kh7 30.h4 b4 { ...0-1, Denker Arnold S 2293 - Reshevsky Samuel H 2430
, New York 1946 Ch USA } ) 12.Be2 ( 12.dxc5 Bg4 13.Be2 Rac8 14.O-O Na5 15.Qa4
Nc4 16.Ra2 Rxc5 17.Qxa7 b6 18.Nd4 Bxe2 19.Rxe2 Qd6 20.Nf5 Qe5 21.Qd7 Rc7 22.f4
Rxd7 23.fxe5 Re8 24.Nd6 Rxe5 25.Nxc4 dxc4 26.a4 Ra7 27.Rb1 Rxa4 28.Rxb6 Ra3
29.Rc6 Rxc3 30.e4 f5 { ...0-1, Quinn John M 2150 - Hammer Jon Ludvig 2306 ,
Gausdal 28. 9.2006 It (open) } ) 12...Be6 13.O-O Rfc8 14.Qa4 cxd4 15.cxd4 a6
16.Rfb1 b5 17.Qd1 Qe7 18.Qe1 Bf5 19.Rc1 Qd8 20.Rc5 Na5 21.Qb4 Nb7 22.Rcc1 Nd6
23.a4 bxa4 24.Rxc8 Bxc8 25.Ne5 Be6 26.Qxa4 Ne4 27.Bd3 Nf6 28.Qa5 Qd6 29.Rc1
Rc8 30.Rc5 Rxc5 { ...1-0, Rowson Jonathan 2579 - Pert Richard G 2445 , Swansea
10. 8.2006 Ch Great Britain } ) 11...Qg5 12.g3 Nc6 13.Kf1 c4 14.Be2 Bf5 15.Qd1
Be4 16.Bf3 Qf5 17.Kg2 Nd8 18.Bxe4 dxe4 19.a4 b6 20.Qe2 Rc8 21.Rb1 Nb7 22.h4
Nd6 23.h5 Kh7 24.g4 { ?! } ( 24.Nh3 { !? } ) 24...Qd7 25.a5 b5 26.Nh3 g5
27.hxg6+ fxg6 28.Rh2 Kg7 29.Nf4 g5 30.Nh5+ Kg6 31.Rh3 Rf7 32.Kh2 Rcf8 { ?! } (
32...Qe6 { !? } 33.f4 exf3 34.Rxf3 Rcf8 35.Rxf7 Rxf7 36.Rxb5 Nxb5 37.Qc2+ Rf5
38.Ng3 Nd6 39.gxf5+ { } ) 33.f4 Qc7 34.Kh1 gxf4 { ? } ( 34...Qd7 35.Qg2 Rg8
36.f5+ Kh7 37.d5 Re8 38.Kg1 Kg8 39.Ng3 { } ) 35.Nxf4+ Rxf4 36.exf4 Rxf4
37.Rxh6+ Kxh6 38.Qh2+ Kg5 39.Qh5+ Kf6 40.Qe5+ Kg6 41.Qxf4 { } {#r} 1-0

[Event "Ch Russia (club)"]
[Site "masterchessopen.com Sochi (Russia)"]
[Date "2007.05.09"]
[Round "8"]
[White "Kasimdzhanov Rustam (UZB)"]
[Black "Korchnoi Viktor (SUI)"]
[Result "1-0"]
[WhiteElo "2690"]
[BlackElo "2611"]

{ Korchnoi Viktor (SUI) +1 =2 -3 } 1.d4 Nf6 2.c4 e6 3.Nc3 Bb4 4.Qc2 d5 5.cxd5
exd5 6.Bg5 c5 ( 6...h6 7.Bh4 c5 8.dxc5 O-O 9.e3 Nbd7 10.Bd3 Qa5 11.Ne2 Bxc3+
12.Qxc3 Qxc3+ 13.Nxc3 Nxc5 14.Bc2 g5 15.Bg3 Be6 16.f3 a6 17.h4 Rfc8 18.hxg5
hxg5 19.O-O-O Ncd7 20.Kb1 Kg7 21.Bb3 Rc5 22.e4 dxe4 23.Bxe6 fxe6 24.Nxe4 Ra5
25.Rhe1 Nf8 26.Nd6 { ...1-0, Kasparov Garry 2775 - Korchnoi Viktor 2655 ,
Tilburg 1989 It } ) 7.Nf3 { ? = } ( 7.dxc5 h6 8.Bh4 Nc6 9.e3 g5 10.Bg3 Ne4
11.a3 Bxc3+ 12.bxc3 Qa5 13.Bd3 Nxg3 14.hxg3 d4 15.exd4 Nxd4 16.Qb2 Bd7 17.Kf1
Ne6 18.Qxb7 Qxc3 19.Rd1 Rd8 20.Ne2 Qxa3 21.c6 Bc8 22.Qb1 Ke7 23.g4 Rd6 24.Rh3
Rhd8 25.Re3 Kf8 26.Kg1 Rxc6 { ...1-0, Sokolov Ivan 2663 - Short Nigel D 2687 ,
Hoogeveen 17.10.2004 It (cat.15) } ) 7...cxd4 ( 7...h6 8.Bxf6 Qxf6 9.a3 Ba5
10.e3 cxd4 11.Nxd4 Nc6 12.Rd1 Bg4 13.Be2 Nxd4 14.Rxd4 Bxc3+ 15.Qxc3 Bxe2
16.Kxe2 O-O 17.Rc1 Qf5 18.Qd3 Qh5+ 19.g4 Qxh2 20.Rxd5 Rae8 21.Rd7 Qg2 22.Qf5
Re5 23.Qf3 Rxe3+ 24.Qxe3 Qxg4+ 25.Kf1 Qxd7 26.Qxa7 Qb5+ 27.Kg2 { ...0-1, Dao
Thien Hai 2531 - Kasparov Garry 2838 , Batumi 2001 Match "Europe-Asia"
(active) } ) 8.Nxd4 Nc6 { +0.22 CAP } 9.O-O-O { N } ( 9.e3 Nxd4 ( 9...h6
10.Bb5 hxg5 11.Nxc6 bxc6 12.Bxc6+ Bd7 { 0-1, Martic Zlatko 2318 - Saric Ante
2474 , Djakovo 30. 4.2006 It (open) } ) 10.exd4 O-O 11.Be2 Qb6 12.Bxf6 Qxf6
13.O-O Qxd4 14.Rad1 Qc5 15.Rxd5 Qc7 16.Bf3 Bxc3 17.bxc3 Be6 18.Rd4 Rac8 19.Rc1
b6 20.Bd5 Bxd5 21.Rxd5 Rfd8 22.Rxd8+ Rxd8 23.Re1 g6 24.g3 Qc6 25.Re4 Kg7 26.h4
h5 27.c4 Qf6 28.Kg2 Rc8 { ...1/2-1/2, Quan Zhe 2374 - Serper Grigory 2526 ,
Minneapolis 22. 5.2005 It (open) } ) ( 9.Rd1 h6 10.Bh4 g5 11.Bg3 Ne4 12.e3
Nxd4 13.Rxd4 Qa5 14.Be5 O-O 15.Bd3 Re8 16.Bxe4 dxe4 17.Bd6 Bxc3+ { 1/2-1/2,
Cech Pavel 2420 - Chytilek Roman 2400 , Czech Republic 17. 4.2005 Extraliga
2004/05 } ) ( 9.Nxc6 bxc6 10.e3 h6 11.Bh4 O-O 12.Be2 d4 13.Rd1 dxc3 14.Rxd8
cxb2+ 15.Kf1 Rxd8 16.Qxb2 Be7 17.f3 Be6 18.Bg3 Nd5 19.Qc1 Bg5 20.f4 Bf6 21.e4
Nc3 22.e5 Nxe2 23.Kxe2 Be7 24.Kf2 Rd4 25.Rd1 Rc4 26.Qb1 Rb4 27.Qc1 Rc4 28.Qb2
Bc5+ { ...0-1, Tunik Gennady 2480 - Sokolov Andrei 2565 , St. Petersburg 1998
Ch Russia } ) 9...Nxd4 10.Rxd4 Bxc3 11.bxc3 O-O 12.f3 h6 13.Bd2 Be6 14.g4 Nd7
15.f4 f5 16.Bg2 fxg4 17.Rf1 Rc8 18.f5 Bf7 19.Rxg4 Nf6 20.Rd4 Qe7 21.Bf3 Kh8
22.Rg1 Bg8 23.Qa4 Bh7 24.Qb4 Qe5 { ?! } ( 24...Qf7 { !? } 25.Rf4 Qd7 26.Be3
Bxf5 27.h4 b5 28.Bd4 Rfe8 { } ) 25.Kb2 { ?! } ( 25.Qxb7 { !? } 25...Rc7 26.Qb4
Rcc8 27.Qb7 Rc7 28.Qb4 Rcc8 29.Qb7 Rc7 30.Qb4 Rcc8 31.Qb7 Rc7 { } ) 25...Qxf5
26.Ka1 Rf7 27.c4 Qe5 28.cxd5 Nxd5 { ? } ( 28...Be4 29.Qb2 Bxf3 30.exf3 Qxh2
31.Re1 Rd8 32.Qb1 Qg3 33.Rd3 Rfd7 { } ) 29.Bxd5 a5 30.Qb2 Rc2 31.Bxf7 Rxb2
32.Rd8+ { } {#r} 1-0

[Event "Ch Europe ICSC (for the Deaf) (team)"]
[Site "masterchessopen.com Primorsko (Bulgaria)"]
[Date "2007.06.01"]
[Round "3"]
[White "Pogromsky Alexander (RUS)"]
[Black "Baklanova Tatiana (UKR)"]
[Result "0-1"]
[WhiteElo "2017"]
[BlackElo "2257"]

1.d4 e6 2.c4 Nf6 3.Nc3 Bb4 4.Qc2 d5 5.cxd5 exd5 6.Nf3 O-O 7.a3 Be7 8.Bg5 h6
9.Bh4 b6 10.e3 c5 11.Bd3 Be6 12.O-O Nbd7 13.Bf5 Ne8 14.Bg3 Nd6 15.Bxe6 fxe6
16.Ne5 Nxe5 17.Bxe5 Bf6 18.f4 Bxe5 19.fxe5 Nf5 20.Qd2 Qg5 21.Nb5 Qxe3+ 22.Qxe3
Nxe3 23.Rfc1 Rfc8 24.dxc5 bxc5 25.Nd6 Rcb8 26.Rab1 c4 27.h3 Rb3 28.Rc3 Rab8
29.Re1 Rxc3 30.bxc3 Nc2 31.Rf1 Nxa3 32.Rf7 Nb5 33.Re7 Nxc3 34.Rxe6 Nb5 35.Nf5
c3 36.Rc6 d4 {#R} 0-1

[Event "Tournament"]
[Site "masterchessopen.com Donostia (Spain)"]
[Date "2007.06.02"]
[Round "5"]
[White "Zubia Aramburu Mikel (ESP)"]
[Black "Sanz Perez Eduardo (ESP)"]
[Result "0-1"]
[WhiteElo "1924"]
[BlackElo "2158"]

1.c4 e6 2.d4 Nf6 3.Nc3 Bb4 4.Qc2 d5 5.cxd5 exd5 6.Nf3 c6 7.Bf4 Ne4 8.a3 Qa5
9.Bd2 Nxd2 10.Nxd2 O-O 11.e3 Nd7 12.Bd3 Nf6 13.O-O Bd6 14.h3 h6 15.b4 Qd8
16.b5 Bd7 17.a4 Rc8 18.Nb3 cxb5 19.axb5 Bb4 20.Nc5 b6 21.Na2 bxc5 22.Nxb4 cxb4
23.Qa4 Rc3 24.Rfd1 b3 25.Qxa7 Qc8 26.b6 b2 27.b7 bxa1=Q {#R} 0-1

[Event "It (open)"]
[Site "masterchessopen.com Neuhausen (Germany)"]
[Date "2007.06.10"]
[Round "8"]
[White "Schulte Juergen (GER)"]
[Black "Bromberger Stefan (GER)"]
[Result "0-1"]
[WhiteElo "2166"]
[BlackElo "2491"]

1.d4 Nf6 2.c4 e6 3.Nc3 Bb4 4.Qc2 d5 5.cxd5 exd5 6.Bg5 c5 7.e3 cxd4 8.exd4 Nc6
9.Nf3 Bg4 10.O-O-O O-O 11.Be2 Rc8 12.Kb1 Bxc3 13.Qxc3 Qd6 14.a3 Ne4 15.Qe3
Rfe8 16.Bh4 Bf5 17.Ka1 Nb4 18.axb4 Nc3 19.bxc3 Rxe3 20.fxe3 Rxc3 21.Rd2 Qxb4
22.Rb2 Rb3 {#R} 0-1

[Event "It (open)"]
[Site "masterchessopen.com Heraklio (Greece)"]
[Date "2007.06.12"]
[Round "4"]
[White "Kosmas-Lekkas Dimitiros (GRE)"]
[Black "Skaperdas Kostantinos (GRE)"]
[Result "0-1"]
[WhiteElo "1998"]
[BlackElo "2196"]

1.d4 Nf6 2.c4 e6 3.Nc3 Bb4 4.Qc2 d5 5.cxd5 exd5 6.Nf3 c5 7.Bg5 h6 8.Bxf6 Qxf6
9.a3 Bxc3+ 10.Qxc3 Nd7 11.e3 a6 12.Be2 O-O 13.O-O Re8 14.Rfd1 c4 15.Nd2 b5
16.Bf3 Bb7 17.Re1 a5 18.b4 Qa6 19.Nb1 Nf6 20.bxa5 Qxa5 21.Qxa5 Rxa5 22.Nc3
Rea8 23.Reb1 Bc6 24.g3 Kf8 25.Kf1 g5 26.h3 h5 27.Ke2 Ke7 28.Bg2 g4 29.hxg4
hxg4 30.Ra2 Ne4 31.Bxe4 dxe4 32.Rba1 f5 33.Kd2 Kd6 34.Kc2 Rh8 35.Kb2 Rh2
36.Rf1 f4 37.gxf4 g3 38.Nd1 g2 39.Rg1 Rh1 40.Rxg2 Rxd1 41.Rg6+ Kc7 {#R} 0-1

[Event "It (open)"]
[Site "masterchessopen.com Dortmund (Germany)"]
[Date "2007.06.22"]
[Round "1"]
[White "Krallmann Matthias (GER)"]
[Black "Kuznetsov Mark (GER)"]
[Result "1-0"]
[WhiteElo "2275"]
[BlackElo "1993"]

1.d4 Nf6 2.c4 e6 3.Nc3 Bb4 4.Qc2 d5 5.cxd5 exd5 6.Bg5 O-O 7.a3 Be7 8.e3 Re8
9.Bd3 h6 10.Bh4 c6 11.Nge2 Nbd7 12.O-O a5 13.f3 c5 14.dxc5 Nxc5 15.Bb5 Bd7
16.Bxd7 Ncxd7 17.Rad1 Qb6 18.Bf2 Bc5 19.Na4 Qa7 20.Nxc5 Qxc5 21.Nc3 Qc6 22.Qf5
Re5 23.Qf4 Rc8 24.Rfe1 Qe6 25.Qa4 Nb6 26.Qb3 Nc4 27.Qxb7 Rc6 28.Re2 Rb6
29.Qa8+ Kh7 30.Rde1 Rxb2 31.Rxb2 Nxb2 32.Qb7 Nc4 33.Qb1+ g6 34.Qc1 Qe7 35.a4
Rg5 36.Bh4 Rh5 37.Nxd5 Rxd5 38.Qxc4 g5 39.Bg3 Qc5 40.Qxc5 Rxc5 41.Rd1 Nd5
42.Bd6 Nxe3 43.Bxc5 Nxd1 44.Bd4 f5 45.Kf1 {#r} 1-0

[Event "It (cat.3)"]
[Site "masterchessopen.com Volodarskij (Russia)"]
[Date "2007.07.03"]
[Round "9"]
[White "Boiko Vladimir (UKR)"]
[Black "Malinichev Konstanti (UZB)"]
[Result "0-1"]
[WhiteElo "2314"]
[BlackElo "2285"]

1.d4 Nf6 2.c4 e6 3.Nc3 Bb4 4.Qc2 d5 5.cxd5 exd5 6.Bg5 h6 7.Bxf6 Qxf6 8.a3
Bxc3+ 9.Qxc3 O-O 10.e3 c6 11.Nf3 Bf5 12.Be2 Nd7 13.O-O Rfe8 14.b4 Re7 15.Rfc1
Bg4 16.a4 a6 17.b5 axb5 18.axb5 Rxa1 19.Qxa1 c5 20.Qa8+ Kh7 21.Qxb7 cxd4
22.Rc6 Ne5 23.Qb6 Nxc6 24.bxc6 dxe3 25.fxe3 Re6 26.Nd4 Bxe2 27.Nxe6 Qxe6
28.Qb7 Qxe3+ {#R} 0-1

[Event "Memorial K.Tsiolkovsky (open)"]
[Site "masterchessopen.com Kaluga (Russia)"]
[Date "2007.08.05"]
[Round "3"]
[White "Nachev Stanislav (RUS)"]
[Black "Redikultsev Boris (RUS)"]
[Result "1-0"]
[WhiteElo "2435"]
[BlackElo "2131"]

1.d4 Nf6 2.c4 e6 3.Nc3 Bb4 4.Qc2 d5 5.cxd5 exd5 6.Bg5 Qd6 7.e3 c6 8.Bd3 h6
9.Bh4 O-O 10.Ne2 Re8 11.O-O Nbd7 12.a3 Bxc3 13.Nxc3 Nf8 14.b4 Bg4 15.b5 Rec8
16.Qb3 a6 17.bxa6 bxa6 18.h3 Bd7 19.Na4 Re8 20.Bg3 Qe7 21.Qc2 Ne4 22.Bh2 Qg5
23.Bf4 Qd8 24.f3 Ng5 25.Kh1 Nge6 26.Bg3 Qa5 27.Be1 Qc7 28.Rc1 Qd8 29.Qf2 Nh7
30.e4 Nf4 31.Bb1 a5 32.Bd2 Ne6 33.e5 Qe7 34.Rc3 Reb8 35.f4 Nc7 36.f5 Ng5
37.Nc5 Be8 38.h4 Ne4 39.Bxe4 dxe4 40.f6 e3 41.Rxe3 Qd8 42.Rg3 g6 43.Qf4 Bd7
44.Rxg6+ fxg6 45.f7+ Kf8 46.Qxh6+ {#r} 1-0

[Event "It \"]
[Site "masterchessopen.com Kuala Lumpur (Malaysia)"]
[Date "2007.08.24"]
[Round "8"]
[White "Dimakiling Oliver (PHI)"]
[Black "Nguyen Anh Dung (VIE)"]
[Result "0-1"]
[WhiteElo "2491"]
[BlackElo "2537"]

{ Nguyen Anh Dung (VIE) +0 =2 -1 } 1.d4 Nf6 2.c4 e6 3.Nc3 Bb4 4.Qc2 d5 5.cxd5
exd5 6.Bg5 h6 { ? } 7.Bf4 { -0.04 CAP N } ( 7.Bh4 c5 ( 7...g5 8.Bg3 Ne4 9.e3
h5 10.Bd3 h4 11.Be5 f6 12.Bxe4 dxe4 13.d5 Na6 14.a3 Bxc3+ 15.Bxc3 Qxd5 16.Bxf6
O-O 17.Rd1 Qf5 18.Be7 Re8 19.Bb4 c5 20.Bc3 Be6 21.Nh3 Nc7 22.O-O Nd5 23.f4
Nxe3 24.Qe2 Nxd1 25.Qxd1 g4 26.Ng5 e3 { ...0-1, Kotanjian Tigran 2524 -
Sutovsky Emil 2629 , Dresden 7. 4.2007 Ch Europe } ) 8.dxc5 g5 9.Bg3 Ne4 10.e3
Qa5 11.Ne2 Bf5 12.Be5 O-O 13.Nd4 Bg6 14.Nb3 Nxc3 15.Bxc3 Bxc2 16.Nxa5 Bxc3+
17.bxc3 b6 18.Kd2 bxa5 19.Kxc2 Rc8 20.h4 Nd7 21.hxg5 Nxc5 22.gxh6 Ne4 23.c4
Nxf2 24.Rh4 f5 25.Rd4 dxc4 26.Bxc4+ Kh7 { ...1-0, Kasparov Garry 2805 - Short
Nigel D 2655 , London 1993 Ch World (match) (PCA) } ) ( 7.Bxf6 Qxf6 8.Nf3 O-O
9.a3 Bf5 10.Qb3 Bxc3+ 11.Qxc3 Nd7 12.e3 Rfc8 13.Bd3 Bxd3 14.Qxd3 c5 15.Qb5 Qd6
16.dxc5 Rxc5 17.Qe2 Rac8 18.O-O Rc2 19.Qb5 a6 20.Qb3 Qb6 21.Qxb6 Nxb6 22.b3
Nd7 23.Nd4 R2c3 24.Rfd1 Nc5 25.Rab1 Ne6 26.Kf1 Nxd4 { ...1/2-1/2, Rychagov
Andrey 2586 - Jobava Baadur 2650 , Sochi 8. 5.2007 Ch Russia (club) } ) (
7.Bd2 c6 8.e3 Nbd7 9.Nf3 O-O 10.Be2 Re8 11.O-O Bd6 12.Na4 a5 13.a3 Ra7 14.b4
b5 15.Nc5 a4 16.Nd3 Rc7 17.Rac1 Ne4 18.Nde5 Nb8 19.Bd3 Bf5 20.Ne1 f6 21.f3
Nxd2 22.Qxd2 Bxd3 23.N5xd3 Nd7 24.Nc2 Nb6 25.Nc5 Nc4 26.Qd3 Rce7 { ...0-1,
Donovan Jeremiah - Bernstein Sidney, Ventnor City 1940 It } ) 7...c5 8.e3 cxd4
9.exd4 Nc6 10.Nf3 O-O 11.Be2 Bg4 12.Be3 Rc8 13.O-O Na5 14.Bd3 Bxf3 15.gxf3 Nc4
16.Bxc4 Rxc4 17.Qd3 Bxc3 18.bxc3 Qc8 19.Rac1 Nh5 20.Kg2 Rd8 21.Rfe1 { ?! } (
21.Bd2 { !? } 21...Rd6 22.Rfe1 Ra4 23.Ra1 Rda6 24.Re5 Rg6+ 25.Kh1 Nf6 { } )
21...Rc6 22.h3 Rg6+ 23.Kh2 Qc7+ 24.Kh1 Qd7 25.Kh2 Qd6+ 26.Kh1 Qf6 27.Bd2 Qh4
28.Qf1 Rg3 29.fxg3 Nxg3+ 30.Kh2 Nxf1+ 31.Rxf1 Rd6 32.f4 Re6 33.Rce1 Rxe1
34.Bxe1 Qe7 35.f5 f6 36.Bg3 Qa3 { } {#R} 0-1

[Event "Tournament (Elo)"]
[Site "masterchessopen.com Ulan Ude (Russia)"]
[Date "2007.09.21"]
[Round "5"]
[White "Dashibalov Erdem (RUS)"]
[Black "Baglaev Evgeniy (RUS)"]
[Result "1-0"]
[WhiteElo "2326"]
[BlackElo "2138"]

1.d4 Nf6 2.c4 e6 3.Nc3 Bb4 4.Qc2 d5 5.cxd5 exd5 6.Bg5 h6 7.Bxf6 Qxf6 8.a3
Bxc3+ 9.Qxc3 O-O 10.e3 c6 11.Nf3 Bf5 12.Be2 Nd7 13.b4 b6 14.Rc1 Rfc8 15.O-O a5
16.Nd2 Qd6 17.f3 axb4 18.axb4 Ra4 19.e4 Be6 20.Rb1 Rca8 21.e5 Qc7 22.Bb5 Ra2
23.Nb3 Nb8 24.Bd3 Qd7 25.Nc1 R2a3 26.Qc2 f5 27.exf6 gxf6 28.f4 R8a7 29.Rf3 f5
30.Qe2 Qf7 31.Re3 Re7 32.Nb3 Raa7 33.Re1 Ra3 34.Bc2 Ra2 35.Rg3+ Kh7 36.Bxf5+
Qxf5 37.Qxa2 Nd7 38.Rge3 Nf8 39.Re5 Qxf4 40.Rf1 {#r} 1-0

[Event "It (open)"]
[Site "masterchessopen.com Port Erin (England)"]
[Date "2007.09.25"]
[Round "4"]
[White "Allen Keith (IRL)"]
[Black "Taylor Peter (ENG)"]
[Result "1-0"]
[WhiteElo "2222"]
[BlackElo "2206"]

1.d4 Nf6 2.c4 e6 3.Nc3 Bb4 4.Qc2 d5 5.cxd5 exd5 6.Bg5 c5 7.dxc5 h6 8.Bxf6 Qxf6
9.e3 O-O 10.Bd3 Be6 11.Ne2 Nd7 12.a3 Bxc5 13.O-O Rac8 14.Rad1 Qg5 15.Qd2 Nf6
16.Nd4 Bg4 17.f3 Qe5 18.Qf2 Bd7 19.Bb1 Bxa3 20.Rfe1 Bb4 21.Rd3 Rfe8 22.g4 Bc5
23.Ba2 Bc6 24.h4 g6 25.Re2 Kg7 26.Qg2 Rcd8 27.g5 hxg5 28.hxg5 Nh5 29.Kf2 Nf4
30.exf4 Bxd4+ 31.Kg3 Qf5 32.Rxd4 Rxe2 33.Qxe2 Re8 34.Qg2 Rh8 35.Bxd5 Bd7
36.Be4 Rh3+ 37.Kf2 Qc5 38.Ke3 Rh8 39.Qd2 b5 40.b4 Qb6 {#r} 1-0